00606cam a22001932i 4500001001300000003000700013005001700020008004100037020002800078040001300106042000900119084002000128245008700148250001100235260003600246300001800282440008800300650002400388CIP113017563yeezen20250703153352.0241111s2025 ch e 000 0 chi d a9789861948126q(平裝) aCIPbchi anbic a419.8122ncsclt10a護理診斷: 定義與分類20242026cNANDA International, Inc.作;莊琬筌譯 a十版 a臺北市 :b華杏, c2024.12. a面 ;c公分 a= NANDA International nursing diagnoses: definitions and classification 2024-2026 / 72lcstta護理診斷